000 00984cam a2200253 4500
001 ABS65086
008 020308n2002 000 0 eng u
035 _a(Sirsi) u117066
100 _aGordon, R.
245 _aPlatform Views
260 _c2002
490 _aCost Engineer
_v40(1) February 2002, 11-12(2)
520 _aOffers views on partnering in construction in response to the Egan report of 2000. Concludes that two principal matters are at the root cause of the construction industry's problems: lack of trust between various parties brought together on a project, and luck of money. Partnering can help avoidance of expensive litigation.
590 _aABS
650 _aPROJECT PARTNERING
650 _aPROJECT PARTNERING CONTRACT
650 _aEGAN REFORMS
650 _aLATHAM REFORMS
650 _aPPC 2000
650 _aPARTNERING
650 _aBIRSE CONSTRUCTION LTD V ST DAVID LTD
690 _aBUILT ENVIRONMENT-BUILDING CONTRACT FORMS
942 _n0
999 _c69747
_d69747